000
00346cam a2200145ua 4500
041
_a
eng
_h
082
_a
823.308
_b
WOO/RE
100
_a
Wood, Larna .
245
_a
Rescue by Bromstick /
_c
Wood.
_h
Textual Documents
260
_a
:
_b
Dent Permanant books ,
_c
1963.
300
_a
125 ; .
504
_a
942
_c
BK
999
_c
11397
_d
11397